000 01456cam a2200409Mi 4500
001 72904
005 20230410103903.0
008 010209s2000 sp b 000 0 spa d
035 _a(OCoLC)ocm45914997
040 _aPL#
_bspa
_cPL#
_dOCLCQ
_dBNM
020 _a8432310573
020 _a9788432310577
029 0 _aPL#
_b8432310573
035 _a(OCoLC)45914997
049 _aGRAL
050 1 4 _a416 DS 135
_bK18j 2000
100 1 _aKarady, Victor.
245 1 4 _aLos judíos en la modernidad europea :
_bexperiencia de la violencia y utopía /
_cVictor Karady ; prólogo de Juan Pablo Fusi ; [traducción, Carlos Martin Ramirez].
250 _a1. ed.
260 _a[Madrid] :
_bSiglo XXI de España Editores,
_c2000.
300 _axviii, 316 p. ;
_c19 cm.
440 0 _aHistoria de Europa
500 _aIndice . -- Tit. original en aleman: Gewalterfahrung und utopie : juden inder europèaischen Moderne.
504 _aBibliografia: p. 289-292.
650 0 _aJews
_zEurope
_xHistory
_y1789-1945.
650 7 _aJudíos
_zEuropa
_yS.XIX.
_2embne
650 7 _aJudíos
_zEuropa
_yS.XX.
_2embne
653 _aJudios
_aHistoria
_aSiglo XX
_aAsectos sociales.
650 7 _aJudios
_zEuropa
_yS.XIX.
_2embne
650 7 _aJudios
_zEuropa
_yS.XX.
_2embne
700 1 _aFusi, Juan Pablo,
_eprol.
700 1 _aMartin Ramirez, Carlos,
_etr.
938 _aPuvill Libros
_bPUVL
_n8432310573
_c$12.23
942 _2lcc
_cbk
994 _aC0
_bDRFGD
946 _akk
999 _c27782
_d27782